000 00454nam a2200181Ia 4500
005 20240626010325.0
008 240331s9999 xx 000 0 und d
020 _a8170367484
082 _a070.4
_bBAT
100 _aBathla , S
245 0 _aWomen democracy and the media
260 _aNew Delhi
_bSage Publications India Pvt Ltd
_c1998
300 _a209 , p .,
650 _aWoman
650 _apolitics
650 _awomen in journalism
942 _cL
999 _c650
_d650